<?xml version="1.0" encoding="UTF-8"?>
<record
    xmlns:xsi="http://www.w3.org/2001/XMLSchema-instance"
    xsi:schemaLocation="http://www.loc.gov/MARC21/slim http://www.loc.gov/standards/marcxml/schema/MARC21slim.xsd"
    xmlns="http://www.loc.gov/MARC21/slim">

  <leader>00464    a2200169   4500</leader>
  <datafield tag="999" ind1=" " ind2=" ">
    <subfield code="c">26596</subfield>
    <subfield code="d">26596</subfield>
  </datafield>
  <controlfield tag="008">230620b           ||||| |||| 00| 0 eng d</controlfield>
  <datafield tag="020" ind1=" " ind2=" ">
    <subfield code="a">9788131760697</subfield>
    <subfield code="c">Rs.749.00</subfield>
  </datafield>
  <datafield tag="041" ind1="0" ind2=" ">
    <subfield code="a">eng</subfield>
  </datafield>
  <datafield tag="082" ind1="0" ind2="0">
    <subfield code="a">621.81</subfield>
    <subfield code="b">S61735</subfield>
  </datafield>
  <datafield tag="100" ind1=" " ind2=" ">
    <subfield code="a">Singh, Sadhu</subfield>
  </datafield>
  <datafield tag="245" ind1=" " ind2=" ">
    <subfield code="a">Theory of Machines :Kinematics and Dynamics /</subfield>
  </datafield>
  <datafield tag="250" ind1=" " ind2=" ">
    <subfield code="a">3rd ed.</subfield>
  </datafield>
  <datafield tag="260" ind1=" " ind2=" ">
    <subfield code="a">Delhi:</subfield>
    <subfield code="b">Pearson,</subfield>
    <subfield code="c">2012.</subfield>
  </datafield>
  <datafield tag="300" ind1=" " ind2=" ">
    <subfield code="a">xxi, 1370 p. :</subfield>
    <subfield code="b">ill. ;</subfield>
    <subfield code="c">24 cm</subfield>
  </datafield>
  <datafield tag="650" ind1=" " ind2="0">
    <subfield code="a">Mechanics</subfield>
  </datafield>
  <datafield tag="942" ind1=" " ind2=" ">
    <subfield code="2">ddc</subfield>
    <subfield code="c">BK</subfield>
  </datafield>
  <datafield tag="952" ind1=" " ind2=" ">
    <subfield code="0">0</subfield>
    <subfield code="1">0</subfield>
    <subfield code="2">ddc</subfield>
    <subfield code="4">0</subfield>
    <subfield code="6">621_810000000000000_S61735</subfield>
    <subfield code="7">0</subfield>
    <subfield code="9">51275</subfield>
    <subfield code="a">CL</subfield>
    <subfield code="b">CL</subfield>
    <subfield code="c">REF</subfield>
    <subfield code="d">2023-06-20</subfield>
    <subfield code="e">4</subfield>
    <subfield code="g">505.35</subfield>
    <subfield code="o">621.81 S61735</subfield>
    <subfield code="p">13980</subfield>
    <subfield code="r">2023-06-20</subfield>
    <subfield code="v">749.00</subfield>
    <subfield code="y">BK</subfield>
  </datafield>
  <datafield tag="952" ind1=" " ind2=" ">
    <subfield code="0">0</subfield>
    <subfield code="1">0</subfield>
    <subfield code="2">ddc</subfield>
    <subfield code="4">0</subfield>
    <subfield code="6">621_810000000000000_S61735</subfield>
    <subfield code="7">0</subfield>
    <subfield code="9">51276</subfield>
    <subfield code="a">CL</subfield>
    <subfield code="b">CL</subfield>
    <subfield code="d">2023-06-20</subfield>
    <subfield code="e">4</subfield>
    <subfield code="g">505.35</subfield>
    <subfield code="l">2</subfield>
    <subfield code="o">621.81 S61735</subfield>
    <subfield code="p">13981</subfield>
    <subfield code="r">2024-04-26</subfield>
    <subfield code="s">2024-04-12</subfield>
    <subfield code="v">749.00</subfield>
    <subfield code="y">BK</subfield>
  </datafield>
  <datafield tag="952" ind1=" " ind2=" ">
    <subfield code="0">0</subfield>
    <subfield code="1">0</subfield>
    <subfield code="2">ddc</subfield>
    <subfield code="4">0</subfield>
    <subfield code="6">621_810000000000000_S61735</subfield>
    <subfield code="7">0</subfield>
    <subfield code="9">51277</subfield>
    <subfield code="a">CL</subfield>
    <subfield code="b">CL</subfield>
    <subfield code="d">2023-06-20</subfield>
    <subfield code="e">4</subfield>
    <subfield code="g">505.35</subfield>
    <subfield code="l">1</subfield>
    <subfield code="m">1</subfield>
    <subfield code="o">621.81 S61735</subfield>
    <subfield code="p">13982</subfield>
    <subfield code="r">2026-03-19</subfield>
    <subfield code="s">2026-02-17</subfield>
    <subfield code="v">749.00</subfield>
    <subfield code="y">BK</subfield>
  </datafield>
  <datafield tag="952" ind1=" " ind2=" ">
    <subfield code="0">0</subfield>
    <subfield code="1">0</subfield>
    <subfield code="2">ddc</subfield>
    <subfield code="4">0</subfield>
    <subfield code="6">621_810000000000000_S61735</subfield>
    <subfield code="7">0</subfield>
    <subfield code="9">51278</subfield>
    <subfield code="a">CL</subfield>
    <subfield code="b">CL</subfield>
    <subfield code="d">2023-06-20</subfield>
    <subfield code="e">4</subfield>
    <subfield code="g">505.35</subfield>
    <subfield code="l">2</subfield>
    <subfield code="o">621.81 S61735</subfield>
    <subfield code="p">13983</subfield>
    <subfield code="r">2023-12-20</subfield>
    <subfield code="s">2023-12-11</subfield>
    <subfield code="v">749.00</subfield>
    <subfield code="y">BK</subfield>
  </datafield>
</record>
